[Event "29th World Junior Girls"]
[Site "Chennai IND"]
[Date "2011.08.09"]
[Round "7"]
[White "Savetha,C"]
[Black "Salini,R"]
[Result "1/2-1/2"]
[WhiteElo "1992"]
[BlackElo "1795"]
[EventDate "2011.08.02"]

1. e4 g6 2. d4 Bg7 3. Nc3 e6 4. Nf3 Ne7 5. Bf4 c6 6. Qd2 d5 7. e5 c5 8. Nb5
O-O 9. Nd6 cxd4 10. Bh6 Nbc6 11. Kd1 Qc7 12. h4 Nxe5 13. Nb5 Qb8 14. Bxg7
Kxg7 15. h5 Nxf3 16. gxf3 Qe5 17. hxg6 Nxg6 18. Nxd4 h5 19. c3 Bd7 20. Kc2
Qf4 21. Rxh5 Rh8 22. Rxh8 Rxh8 23. Bd3 e5 24. Qxf4 Nxf4 25. Rg1+ Kf6 26.
Bb5 Bc8 27. Ne2 Nxe2 28. Bxe2 Rh2 29. Rg8 Bd7 30. Kd1 Rxf2 31. Rb8 Bc6 32.
b4 a6 33. Ke1 Rh2 34. a4 d4 35. cxd4 exd4 36. Bxa6 Bxa4 37. Rxb7 Bb3 38.
Rd7 Ke5 39. Be2 Rh8 40. Re7+ Be6 41. Kd2 Rb8 42. b5 Kd6 43. Ra7 Bd7 44.
Ra6+ Kc5 45. Rf6 Bxb5 46. Rf5+ Kc6 47. Rf6+ Kc5 48. Rf5+ Kc6 49. Bxb5+ Rxb5
50. Rxf7 Rb3 51. Rf5 1/2-1/2

[Event "29th World Junior Girls"]
[Site "Chennai IND"]
[Date "2011.08.09"]
[Round "7"]
[White "Shristi,J"]
[Black "Madhurima,S"]
[Result "1-0"]
[WhiteElo "1927"]
[BlackElo "1854"]
[EventDate "2011.08.02"]

1. e4 e6 2. b3 d5 3. Bb2 dxe4 4. Nc3 Nf6 5. g4 h6 6. Bg2 Bd7 7. Qe2 Bc6 8.
O-O-O Nbd7 9. Nxe4 Nxe4 10. Bxe4 Bxe4 11. Qxe4 Nc5 12. Qe2 Qd5 13. Nf3 Qe4
14. Qxe4 Nxe4 15. Rhf1 Nf6 16. Ne5 Bd6 17. h3 Rf8 18. f4 O-O-O 19. Rde1 Nd5
20. Nc4 Rg8 21. f5 Rde8 22. fxe6 fxe6 23. Rf7 g5 24. Nxd6+ cxd6 25. Ba3 Rg6
26. Bxd6 a6 27. c4 Rf6 28. Rxf6 Nxf6 29. Be5 Nd7 30. Bg7 Rg8 31. Bc3 Re8
32. d4 Kc7 33. Rf1 Re7 34. Be1 Kc6 35. Bg3 Rh7 36. Re1 Nf8 37. Rf1 Nd7 38.
Kd2 Re7 39. Kd3 Rh7 40. a4 h5 41. b4 hxg4 42. hxg4 Rh3 43. Rf3 Nf6 44. Rxf6
Rxg3+ 45. Ke4 Rxg4+ 46. Ke5 Kd7 47. Rf7+ Kc8 48. Rg7 Kb8 49. b5 axb5 50.
axb5 b6 51. Rg6 Rg1 52. Kxe6 g4 53. Kd5 Kc7 54. Rg7+ Kd8 55. Kc6 Rc1 56. c5
Rc4 57. Kxb6 Rxd4 58. c6 Rc4 59. Rb7 1-0

[Event "29th World Junior Girls"]
[Site "Chennai IND"]
[Date "2011.08.09"]
[Round "7"]
[White "Narenthran,Savithri"]
[Black "Mejia Salinas,Lluvia Angelica"]
[Result "1/2-1/2"]
[WhiteElo "1693"]
[BlackElo "1889"]
[EventDate "2011.08.02"]

1. e4 e5 2. Nf3 Nf6 3. Nxe5 d6 4. Nf3 Nxe4 5. d4 d5 6. Bd3 Be7 7. O-O O-O
8. c4 c6 9. Nc3 Nxc3 10. bxc3 Bg4 11. cxd5 cxd5 12. Bf4 Nd7 13. h3 Bh5 14.
Rb1 Nb6 15. Re1 Bf6 16. Be2 Rc8 17. Qb3 Qd7 18. Nd2 Bxe2 19. Rxe2 Qf5 20.
Bd6 Rfe8 21. Rxe8+ Rxe8 22. Qb5 Qe6 23. Nf3 Qc8 24. Ne5 Re6 25. Qb4 Qd8 26.
Bc5 Bxe5 27. dxe5 Rxe5 28. Bxb6 axb6 29. Qxb6 Qxb6 30. Rxb6 Re1+ 31. Kh2
Kf8 32. Rxb7 Re2 33. a4 Rxf2 34. a5 g6 35. a6 Kg7 36. a7 Ra2 37. Kg3 Ra4
38. Kf3 h5 39. g3 Kf6 40. Ke3 1/2-1/2

[Event "29th World Junior Girls"]
[Site "Chennai IND"]
[Date "2011.08.09"]
[Round "7"]
[White "Edes,Z"]
[Black "Nivedhitha,J"]
[Result "1-0"]
[WhiteElo "2067"]
[BlackElo "1743"]
[EventDate "2011.08.02"]

1. d4 Nf6 2. c4 g6 3. Nc3 Bg7 4. e4 d6 5. f4 O-O 6. Nf3 c5 7. d5 e6 8. Be2
exd5 9. cxd5 Re8 10. e5 dxe5 11. fxe5 Ng4 12. Bg5 Qb6 13. O-O Nxe5 14. d6
Nxf3+ 15. Bxf3 Bd4+ 16. Kh1 Qxd6 17. Bd5 Be6 18. Bxb7 Nd7 19. Bxa8 Rxa8 20.
Nb5 Qb6 21. Nxd4 cxd4 22. Rf4 Qxb2 23. Qxd4 Rb8 24. Rd1 Qxd4 25. Rfxd4 Rb5
26. Bh6 Rh5 27. Bf4 Rb5 28. h3 Rb7 29. a3 Kg7 30. Rb4 Rb6 31. Rxb6 Nxb6 32.
Bb8 Nc4 33. a4 a6 34. Rd8 Kf6 35. Ba7 Kf5 36. Bd4 Ke4 37. Bc3 Bd5 38. Kh2
h5 39. a5 f5 40. Rd7 g5 41. Ra7 Kd3 42. Bf6 g4 43. Rxa6 f4 44. Ra7 f3 45.
gxf3 gxf3 46. Bh4 Ke2 47. Re7+ Ne3 48. Kg1 Kd3 49. Bf2 Ng2 50. a6 Nf4 51.
Kh2 Ne6 52. a7 Ke2 53. Kg1 h4 54. Rxe6+ Kd3 55. Rd6 1-0

[Event "29th World Junior Girls"]
[Site "Chennai IND"]
[Date "2011.08.09"]
[Round "7"]
[White "Tejaswini,S"]
[Black "Supriya,J"]
[Result "0-1"]
[WhiteElo "1690"]
[BlackElo "1829"]
[EventDate "2011.08.02"]

1. e4 c5 2. Nf3 g6 3. d4 cxd4 4. Nxd4 Nc6 5. Nc3 Bg7 6. Be3 Nf6 7. Bc4 O-O
8. Bb3 a5 9. O-O d6 10. Qe2 Nxe4 11. Nxe4 Nxd4 12. Bxd4 Bxd4 13. c3 Bg7 14.
Rad1 a4 15. Bc4 Qc7 16. Rfe1 Bd7 17. Qd3 Bc6 18. Ng5 Ra5 19. h4 d5 20. b4
dxc4 21. Qxc4 Re5 22. Nf3 Rxe1+ 23. Rxe1 Rc8 24. Nd4 Bxd4 25. Qxd4 Qd6 26.
Qe3 Bd5 27. a3 e6 28. h5 Rc4 29. g3 Re4 30. Qd2 Qe5 31. Rxe4 Qxe4 32. Kf1
Qh1+ 33. Ke2 Qxh5+ 34. Ke1 Qh1+ 35. Ke2 Bc4+ 36. Ke3 Qd5 37. Qc2 Qe5+ 38.
Qe4 Qxe4+ 39. Kxe4 h5 40. Kf4 Kg7 41. g4 0-1

[Event "29th World Junior Girls"]
[Site "Chennai IND"]
[Date "2011.08.09"]
[Round "7"]
[White "Guo,E"]
[Black "Brunello,R"]
[Result "1-0"]
[WhiteElo "2029"]
[BlackElo "2036"]
[EventDate "2011.08.02"]

1. e4 e5 2. Nf3 Nc6 3. Bb5 d6 4. d4 Bd7 5. Nc3 Nf6 6. O-O Be7 7. Bxc6 Bxc6
8. Qd3 exd4 9. Nxd4 O-O 10. Nf5 Nd7 11. Qg3 g6 12. Nxe7+ Qxe7 13. Bh6 Rfe8
14. Rfe1 a5 15. Re3 Nc5 16. Rae1 f6 17. a3 a4 18. h4 Qf7 19. h5 Re5 20.
hxg6 hxg6 21. Bf4 Rh5 22. Nd5 Re8 23. c4 g5 24. R3e2 Kf8 25. Bxd6+ cxd6 26.
Qxd6+ Kg7 27. Qxc5 g4 28. Re3 Qg6 29. Qd6 Qh6 30. Kf1 Rf8 31. Qg3 Rh1+ 32.
Ke2 Bd7 33. Ne7 Rxe1+ 34. Kxe1 Qh1+ 35. Ke2 Qc1 36. Qd6 Qxc4+ 37. Qd3 Qc7
38. Nf5+ Kh7 39. Rh3+ Kg6 40. Rh6+ Kf7 41. Rh7+ Ke8 42. Ng7+ Ke7 43. Ne6+
1-0

[Event "29th World Junior Girls"]
[Site "Chennai IND"]
[Date "2011.08.10"]
[Round "8"]
[White "Mammadova,G"]
[Black "Cori T.,D"]
[Result "0-1"]
[WhiteElo "2294"]
[BlackElo "2376"]
[EventDate "2011.08.02"]

1. e4 e6 2. d4 d5 3. Nc3 Bb4 4. Nge2 dxe4 5. a3 Be7 6. Nxe4 Nf6 7. N2g3 O-O
8. c3 Nxe4 9. Nxe4 Qd5 10. Qf3 Nd7 11. Be3 f5 12. Ng5 f4 13. Qxd5 exd5 14.
Ne6 fxe3 15. Nxf8 exf2+ 16. Kxf2 Bxf8 17. Bd3 Nf6 18. h3 Bd6 19. g4 Bd7 20.
Rhe1 Rf8 21. Kg2 g5 22. Rf1 Bf4 23. Rfe1 Kf7 24. Re2 h5 25. gxh5 Nxh5 26.
Rf2 Rh8 27. Be2 Ng3 28. Bg4 Bxg4 29. hxg4 Ne4 30. Rf3 Rh2+ 31. Kg1 Rxb2 32.
a4 Kg7 33. Kf1 0-1

[Event "29th World Junior Girls"]
[Site "Chennai IND"]
[Date "2011.08.10"]
[Round "8"]
[White "Girya,O"]
[Black "Kulon,K"]
[Result "1-0"]
[WhiteElo "2371"]
[BlackElo "2227"]
[EventDate "2011.08.02"]

1. d4 f5 2. c4 Nf6 3. Nf3 g6 4. g3 Bg7 5. Bg2 O-O 6. O-O d6 7. b4 a5 8. b5
Nbd7 9. Bb2 e6 10. Nbd2 Qe7 11. a4 Rd8 12. Qb3 Kh8 13. e3 e5 14. c5 e4 15.
cxd6 cxd6 16. Ng5 d5 17. Ba3 Qe8 18. h4 h6 19. Nh3 Nb6 20. Rfc1 Be6 21. Rc7
Rd7 22. Rxd7 Nfxd7 23. Rc1 Rc8 24. Rc2 Nc4 25. Nxc4 dxc4 26. Qc3 Qd8 27.
Nf4 Bf7 28. Bf1 g5 29. hxg5 hxg5 30. Ne2 Nc5 31. Bxc5 Rxc5 32. g4 Rc8 33.
gxf5 Bd5 34. Qd2 Qf6 35. Nc3 Qxf5 36. Nxd5 Qxd5 37. Qc1 Qf5 38. Rxc4 Rf8
39. Qc2 Bf6 40. Bg2 Be7 41. Bxe4 Qg4+ 42. Bg2 Bd6 43. d5 Qh5 44. Rc8 Qh2+
45. Kf1 Qe5 46. Rxf8+ Bxf8 47. d6 Bxd6 48. Qc8+ Kg7 49. Bxb7 Kh6 50. Bf3
Qa1+ 51. Kg2 Qe5 52. b6 Kg7 53. b7 Kh6 54. Qd7 Bb8 55. Qc6+ Kg7 56. Qd5 Kf6
57. Qxe5+ Kxe5 58. Kh3 Kf5 59. Be2 Bc7 60. Bd3+ Kf6 61. Kg4 Bb8 62. Bc2 Bc7
63. Bb1 Bb8 64. Ba2 Bc7 65. f4 gxf4 66. exf4 Bb8 67. Bc4 Bc7 68. Kf3 Bb8
69. Ke4 Bc7 70. f5 Bb8 71. Bd3 Ke7 72. Kd5 1-0

[Event "29th World Junior Girls"]
[Site "Chennai IND"]
[Date "2011.08.10"]
[Round "8"]
[White "Semenova,E"]
[Black "Agrest,I"]
[Result "1-0"]
[WhiteElo "2175"]
[BlackElo "2220"]
[EventDate "2011.08.02"]

1. e4 e5 2. Nf3 Nc6 3. Nc3 Nf6 4. d4 exd4 5. Nxd4 Bb4 6. Nxc6 bxc6 7. Bd3
d5 8. exd5 cxd5 9. O-O O-O 10. Bg5 c6 11. Qf3 h6 12. Bf4 Re8 13. h3 a5 14.
Na4 Ne4 15. Rad1 Qf6 16. Nb6 Ra7 17. Nxc8 Rxc8 18. Be3 Re7 19. Bxe4 Rxe4
20. Qxf6 gxf6 21. Bxh6 Re2 22. c3 Bc5 23. Rd2 Rce8 24. Rfd1 Bxf2+ 25. Kf1
Rxd2 26. Rxd2 Bg3 27. Re2 Re5 28. Bd2 a4 29. Re3 Rf5+ 30. Rf3 Rxf3+ 31.
gxf3 Bd6 32. Ke2 Kg7 33. Kd3 Kg6 34. c4 Kf5 35. cxd5 cxd5 36. b4 axb3 37.
axb3 Bc5 38. b4 Bb6 39. Be3 Bc7 40. b5 Bb8 41. b6 Ke6 42. Kd4 f5 43. h4 f4
44. Bd2 Be5+ 45. Kc5 d4 46. Kc6 Kf5 47. Kd5 f6 48. b7 Kg6 49. Ke4 Bb8 50.
Kxd4 Kh5 51. Be1 Kg6 52. Kd5 Kf5 53. Kc6 Ke6 54. Ba5 Kf5 55. Bc7 1-0

[Event "29th World Junior Girls"]
[Site "Chennai IND"]
[Date "2011.08.10"]
[Round "8"]
[White "Bhakti,K"]
[Black "Divyasri,C"]
[Result "1/2-1/2"]
[WhiteElo "2317"]
[BlackElo "2123"]
[EventDate "2011.08.02"]

1. d4 Nf6 2. c4 e6 3. Nc3 Bb4 4. f3 d5 5. a3 Bxc3+ 6. bxc3 c6 7. e3 O-O 8.
cxd5 cxd5 9. Bd3 b6 10. Ne2 Ba6 11. Bxa6 Nxa6 12. Qd3 Qc8 13. O-O Rd8 14.
e4 dxe4 15. Qc2 e5 16. Be3 Nd5 17. Qxe4 Nxe3 18. Qxe3 exd4 19. cxd4 Nc7 20.
Rfc1 Qd7 21. a4 Ne6 22. Rd1 Rac8 23. d5 Nc5 24. Qa3 Qe8 25. Ra2 Rd6 26. a5
Rcd8 27. axb6 axb6 28. Rad2 Qa4 29. Qc3 Qb3 30. Qxb3 Nxb3 31. Rb2 Nc5 32.
Nc3 f5 33. Kf2 Na6 34. Rdb1 Nc7 35. Rxb6 Rxb6 36. Rxb6 Nxd5 37. Nxd5 Rxd5
38. Rb7 1/2-1/2

[Event "29th World Junior Girls"]
[Site "Chennai IND"]
[Date "2011.08.10"]
[Round "8"]
[White "Saranya,J"]
[Black "Kazimova,N"]
[Result "0-1"]
[WhiteElo "2121"]
[BlackElo "2292"]
[EventDate "2011.08.02"]

1. e4 c5 2. Nf3 d6 3. Bb5+ Nd7 4. c3 Ngf6 5. d3 g6 6. O-O Bg7 7. h3 O-O 8.
Ba4 Qc7 9. Qe2 a6 10. Re1 b5 11. Bc2 Bb7 12. Nh2 e5 13. Nd2 d5 14. Ndf1
dxe4 15. dxe4 c4 16. Ng3 Nc5 17. Bg5 Ne6 18. h4 Nf4 19. Qf3 Rfe8 20. Ne2
N6h5 21. g3 Nh3+ 22. Kg2 Nxg5 23. hxg5 Qe7 24. Qe3 f5 25. gxf6 Nxf6 26.
Rad1 Qc7 27. f3 Bf8 28. Ng1 Qc5 29. Qe2 Rad8 30. Nh3 Qb6 31. Rxd8 Rxd8 32.
Rd1 Rxd1 33. Bxd1 Bc5 34. b3 cxb3 35. Bxb3+ Kg7 36. Ng5 Bc8 37. Nf7 a5 38.
Nxe5 a4 39. Bd1 Qe6 40. Neg4 h5 41. Nf2 Bd7 42. g4 Bc6 43. Nd3 Bb6 44. g5
Nh7 45. Qd2 Bc7 46. Nf1 Qe7 47. Nb4 Bb7 48. Nd5 Bxd5 49. Qxd5 Nxg5 50. Qxb5
Ne6 51. Bxa4 Nf4+ 52. Kg1 Bb6+ 53. Kh1 Qh4+ 54. Nh2 Qg3 55. Qe5+ Kh6 56.
Ng4+ hxg4 57. Qh8+ Kg5 58. Qe5+ Kh4 59. Qf6+ Kh3 60. Qh8+ Nh5 0-1

[Event "29th World Junior Girls"]
[Site "Chennai IND"]
[Date "2011.08.10"]
[Round "8"]
[White "Nandhidhaa,P"]
[Black "Lkhamsuren,U"]
[Result "0-1"]
[WhiteElo "2101"]
[BlackElo "2163"]
[EventDate "2011.08.02"]

1. e4 e6 2. d4 d5 3. e5 c5 4. c3 Qb6 5. Nf3 Nc6 6. a3 Nh6 7. b4 cxd4 8.
cxd4 Nf5 9. Bb2 Bd7 10. g4 Nfe7 11. Nc3 Na5 12. Qc2 Nc4 13. Bxc4 dxc4 14.
Ne4 Nd5 15. O-O Qc7 16. Nc5 Bb5 17. Rfc1 b6 18. Ne4 Be7 19. Bc3 Bc6 20. Bd2
b5 21. a4 a6 22. Rab1 Nb6 23. a5 Nd5 24. Re1 h6 25. h3 Bb7 26. Nh2 c3 27.
Nxc3 Bxb4 28. Rxb4 Nxb4 29. Qb1 Nc6 30. Ne4 O-O-O 31. Nd6+ Kb8 32. Rc1 Qd7
33. Be3 f6 34. Qc2 Nb4 35. Qc5 Nd5 36. Nf1 Rhf8 37. Ng3 Nxe3 38. fxe3 fxe5
39. dxe5 Rc8 40. Nxc8 Rxc8 41. Qa3 Rxc1+ 42. Qxc1 Qd5 43. Qb2 b4 44. e4
Qxa5 45. Qd4 b3 46. Nf1 Qb5 47. Nd2 b2 48. Qd6+ Ka7 49. Nb1 Bxe4 50. Qd1
Qc5+ 51. Kh2 Qxe5+ 52. Kg1 Qg3+ 53. Kf1 Bd3+ 0-1

[Event "29th World Junior Girls"]
[Site "Chennai IND"]
[Date "2011.08.10"]
[Round "8"]
[White "Savina,A"]
[Black "Tokhirjanova,H"]
[Result "1-0"]
[WhiteElo "2398"]
[BlackElo "2119"]
[EventDate "2011.08.02"]

1. d4 Nf6 2. c4 d6 3. Nf3 Nbd7 4. Nc3 e5 5. e4 g6 6. Be2 Bg7 7. O-O O-O 8.
Be3 h6 9. d5 Ne8 10. Nd2 f5 11. f3 Ndf6 12. c5 f4 13. Bf2 g5 14. cxd6 cxd6
15. Nb5 a6 16. Nc3 h5 17. h3 b5 18. b4 Bxh3 19. gxh3 Qc8 20. Kg2 Qxc3 21.
Qc1 Qxb4 22. Bb6 Rc8 23. Qxc8 Qxd2 24. Rf2 Qb2 25. Rc1 Nd7 26. Bf1 Qa3 27.
Rc3 Qxc3 28. Qxc3 Nxb6 29. Qc6 Na4 30. Qxa6 Nc3 31. Rc2 Nd1 32. Rc8 Ne3+
33. Kg1 g4 34. hxg4 hxg4 35. Qxb5 Nf6 36. Rxf8+ Bxf8 37. Bg2 Nc2 38. a4 Nd4
39. Qd3 Be7 40. a5 Bd8 41. Qa6 gxf3 42. Qc8 fxg2 43. Qxd8+ Kg7 44. Kxg2 f3+
45. Kf1 Nxe4 46. a6 Ne2 47. Qb6 N2g3+ 48. Ke1 f2+ 49. Qxf2 Nxf2 50. Kxf2
Ne4+ 51. Kg2 Nc3 52. a7 Nxd5 53. a8=Q Nf4+ 54. Kf3 Kf6 55. Qf8+ Ke6 56.
Qg8+ Kf6 57. Kg4 Ke7 58. Kf5 Kd7 59. Qf7+ Kc6 60. Qc4+ Kd7 61. Kf6 Nh5+ 62.
Kf7 Nf4 63. Kf6 Nh5+ 64. Kg6 Nf4+ 65. Kf7 d5 66. Qb5+ Kc7 67. Kf6 e4 68.
Ke5 1-0